| 000 | 00846cam a22002533a 4500 | ||
|---|---|---|---|
| 001 | 299 | ||
| 003 | PGUSA | ||
| 005 | 20140828082946.0 | ||
| 008 | 950701s1995||||xxu|||||s|||||000 1 eng d | ||
| 040 |
_aPGUSA _beng |
||
| 042 | _adc | ||
| 050 | 4 | _aPS | |
| 100 | 1 |
_aBoyesen, Hjalmar Hjorth, _d1848-1895 |
|
| 245 | 1 | 0 |
_aTales from Two Hemispheres _h[electronic resource] / _cHjalmar Hjorth Boyesen |
| 260 |
_bProject Gutenberg, _c1995 |
||
| 505 | 0 | _aThe man who lost his name -- The story of an outcast -- A good-for-nothing -- A scientific vagabond -- Truls, the nameless -- Asathor's vengeance | |
| 506 | _aPublic domain in the USA. | ||
| 516 | _aElectronic text | ||
| 653 | _aShort stories | ||
| 653 | _aNorwegian Americans -- Fiction | ||
| 830 | 0 |
_aProject Gutenberg _v299 |
|
| 856 | 4 | 0 | _uhttp://www.gutenberg.org/ebooks/299 |
| 942 | _cEB | ||
| 999 |
_c229650 _d229650 |
||